BRICS Länder - Statistiken

Allgemein
  • Dieses Quiz wurde 58 mal gespielt
  • Das Durchschnittsergebnis liegt bei 8 aus 11
Antwortstatistiken
Eingetreten Land % Korrekt
C original China
100%
B original Brasilien
98%
I original Indien
98%
R original Russland
98%
S 2010 Süd-Afrika
93%
2024 Iran
67%
2024 Saudi-Arabien
62%
2025 Indonesien
58%
2024 Ägypten
55%
2024 Vereinigte Arabische Emirate
44%
2024 Äthiopien
33%
Keine übereinstimmenden Quizze gefunden
Verteilung der Resultate
Anzahl Personen mit jedem Resultat
Perzentil nach korrekt beantworteten Fragen
Ihre Resultats-Entwicklung
Sie haben dieses Quiz noch nicht gespielt